Numéros pilotes 450 supercross 2024 - Statistiques

Statistiques générales
  • Ce quiz a été pris 64 fois
  • Le résultat moyen est 16 sur 20
Statistiques - réponses
Pilote Numéro % Correct
Chase Sexton 1
100%
Jett Lawrence 18
100%
Cooper Webb 2
100%
Eli Tomac 3
100%
Adam Cianciarulo 9
100%
Aaron Plessinger 7
98%
Hunter Lawrence 96
95%
Dylan Ferrandis 14
93%
Jason Anderson 21
93%
Malcolm Stewart 27
93%
Justin Barcia 51
93%
Ken Roczen 94
91%
Justin Cooper 32
86%
Kyle Chisholm 11
84%
Shane McElrath 12
75%
Christian Craig 28
61%
Jorge Prado 111
57%
Colt Nichols 45
45%
Derek Drake 52
27%
Benny Bloss 67
25%
Aucun quiz correspondant
Distribution des résultats
% des personnes avec chaque résultat
Percentile par nombre de réponses
Votre historique - résultats
Vous n’avez pas pris ce quiz